000 00435ntaaa2200169 4500
003 01
005 20251027203002.0
008 0714s1973 ag 01
040 _aAR-BaBN
_bspa
_cAR-BaBN
_eaacr
_dRIC
082 _a987.0000 V55i
245 _aInformación básica sobre Venezuela
250 _a1 ed.
260 _aBuenos Aires :
_bLa Embajada de Venezuela,
_c1987
300 _a61 p ;
_cilu. : 22 cm
650 _aVenezuela
942 _cBK
999 _c25255
_d25255